Music Quiz

Random Music or On This Day Quiz

Get the Picture: The Day the Music Died Quiz Stats

 Plays Quiz not verified by Sporcle

Score 0/15 Timer 02:00
2 Plays Today
Question Answer Wrong Answers
Peggy Sue Buddy Holly
86.5%
Ritchie Valens
5.2%
The Big Bopper
1.2%
That'll Be the Day Buddy Holly
84.1%
Ritchie Valens
9.2%
The Big Bopper
1.6%
La Bamba Ritchie Valens
81.3%
Buddy Holly
7.6%
The Big Bopper
4.8%
Chantilly Lace The Big Bopper
72.1%
Buddy Holly
13.9%
Ritchie Valens
6.4%
The Purple People Eater Meets the Witch Doctor The Big Bopper
68.5%
Buddy Holly
12.7%
Ritchie Valens
11.6%
Donna Ritchie Valens
61.8%
Buddy Holly
19.9%
The Big Bopper
11.6%
Little Red Riding Hood The Big Bopper
60.6%
Buddy Holly
17.9%
Ritchie Valens
13.9%
Running Bear The Big Bopper
59.4%
Buddy Holly
13.5%
Ritchie Valens
19.1%
Rave On Buddy Holly
57.4%
Ritchie Valens
16.7%
The Big Bopper
18.7%
It Doesn't Matter Anymore Buddy Holly
56.6%
Ritchie Valens
19.1%
The Big Bopper
16.3%
Think It Over Buddy Holly
56.6%
Ritchie Valens
20.3%
The Big Bopper
18.3%
Come On, Let's Go Ritchie Valens
47.4%
Buddy Holly
27.5%
The Big Bopper
17.9%
Little Girl Ritchie Valens
39.8%
Buddy Holly
30.3%
The Big Bopper
23.5%
Walking Through My Dreams The Big Bopper
34.3%
Buddy Holly
30.3%
Ritchie Valens
27.5%
That's My Little Suzie Ritchie Valens
27.5%
Buddy Holly
43.4%
The Big Bopper
22.7%

You're not logged in!

Compare scores with friends on all Sporcle quizzes.
OR
Log In

Show Comments

Extras

Top Quizzes Today


Score Distribution

Your Account Isn't Verified!

In order to create a playlist on Sporcle, you need to verify the email address you used during registration. Go to your Sporcle Settings to finish the process.

Report this User

Report this user for behavior that violates our Community Guidelines.

Details: